[Event "Chess24 Banter Blitz Cup"]
[Site "chess24.com INT"]
[Date "2019.10.15"]
[Round "1.8"]
[White "Edouard, Romain"]
[Black "Van Foreest, Lucas"]
[Result "1-0"]
[WhiteTitle "GM"]
[BlackTitle "GM"]
[WhiteElo "2641"]
[BlackElo "2531"]
[WhiteFideId "633429"]
[BlackFideId "1039792"]
[EventDate "2019.09.25"]
[EventType "blitz"]

1. Nf3 d5 2. c4 e6 3. g3 Nf6 4. Bg2 Be7 5. O-O O-O 6. b3 d4 7. e3 c5 8. exd4
cxd4 9. Ne5 Nfd7 10. Nxd7 Nxd7 11. d3 e5 12. Na3 Re8 13. Nc2 a5 14. a3 Nc5 15.
b4 axb4 16. axb4 Rxa1 17. Nxa1 Na6 18. b5 Nc5 19. Nb3 Qc7 20. Ba3 Nxb3 21. Qxb3
Bxa3 22. Qxa3 b6 23. Rc1 Bf5 24. c5 bxc5 25. Qxc5 Qxc5 26. Rxc5 Bxd3 27. b6 Bf5
28. b7 d3 29. Rxe5 Rd8 30. Rxf5 d2 31. Bf3 d1=Q+ 32. Bxd1 Rxd1+ 33. Kg2 Rb1 34.
Rc5 Rxb7 35. Rc8# 1-0

[Event "Chess24 Banter Blitz Cup"]
[Site "chess24.com INT"]
[Date "2019.10.15"]
[Round "1.9"]
[White "Van Foreest, Lucas"]
[Black "Edouard, Romain"]
[Result "1-0"]
[WhiteTitle "GM"]
[BlackTitle "GM"]
[WhiteElo "2531"]
[BlackElo "2641"]
[WhiteFideId "1039792"]
[BlackFideId "633429"]
[EventDate "2019.09.25"]
[EventType "blitz"]

1. e4 e6 2. Nf3 d5 3. e5 c5 4. b4 b6 5. c3 Ne7 6. d4 Nf5 7. a3 Be7 8. Bd3 O-O 9.
O-O Ba6 10. b5 Bc8 11. g4 Nh4 12. Nxh4 Bxh4 13. f4 f5 14. g5 Qe8 15. Rf3 Qh5 16.
Be2 Qg6 17. Rh3 Bxg5 18. Bh5 1-0

[Event "Chess24 Banter Blitz Cup"]
[Site "chess24.com INT"]
[Date "2019.10.15"]
[Round "1.10"]
[White "Van Foreest, Lucas"]
[Black "Edouard, Romain"]
[Result "1/2-1/2"]
[WhiteTitle "GM"]
[BlackTitle "GM"]
[WhiteElo "2531"]
[BlackElo "2641"]
[WhiteFideId "1039792"]
[BlackFideId "633429"]
[EventDate "2019.09.25"]
[EventType "blitz"]

1. e4 d6 2. d4 Nf6 3. Nc3 e5 4. dxe5 dxe5 5. Qxd8+ Kxd8 6. Bc4 Ke8 7. f4 Bd6 8.
Nb5 Ke7 9. fxe5 Bxe5 10. Nf3 Nc6 11. Nxe5 Nxe5 12. Bb3 c6 13. Nc3 Be6 14. O-O h6
15. Be3 b6 16. Bxe6 fxe6 17. Bd4 Nfd7 18. Ne2 c5 19. Bc3 Rhf8 20. Nf4 g5 21. Nd3
Nxd3 22. cxd3 Rxf1+ 23. Rxf1 Rf8 24. Rxf8 Kxf8 25. Kf2 Kf7 26. Kf3 e5 1/2-1/2

[Event "Chess24 Banter Blitz Cup"]
[Site "chess24.com INT"]
[Date "2019.10.15"]
[Round "1.11"]
[White "Edouard, Romain"]
[Black "Van Foreest, Lucas"]
[Result "0-1"]
[WhiteTitle "GM"]
[BlackTitle "GM"]
[WhiteElo "2641"]
[BlackElo "2531"]
[WhiteFideId "633429"]
[BlackFideId "1039792"]
[EventDate "2019.09.25"]
[EventType "blitz"]

1. c4 Nf6 2. g3 g6 3. Bg2 Bg7 4. Nc3 O-O 5. d4 d6 6. Nf3 Nc6 7. O-O e5 8. dxe5
Nxe5 9. Nxe5 dxe5 10. Qxd8 Rxd8 11. Bg5 Be6 12. Ne4 Nxe4 13. Bxd8 Nd2 14. Bxc7
Nxf1 15. Kxf1 Rc8 16. Ba5 b6 17. Bc3 Bxc4 18. a4 f6 19. Ke1 Bf8 20. Be4 Kf7 21.
Bd3 Bxd3 22. exd3 Ke6 23. Kd2 Kd5 24. b4 f5 25. f3 Bh6+ 26. Kc2 Be3 27. Ra3 Bd4
28. Kd2 Rxc3 29. Rxc3 Bxc3+ 30. Kxc3 h5 31. h3 g5 32. g4 fxg4 33. fxg4 hxg4 34.
hxg4 e4 35. b5 e3 36. d4 e2 37. Kd2 Kxd4 38. Kxe2 Ke4 0-1

[Event "Chess24 Banter Blitz Cup"]
[Site "chess24.com INT"]
[Date "2019.10.15"]
[Round "1.13"]
[White "Edouard, Romain"]
[Black "Van Foreest, Lucas"]
[Result "1/2-1/2"]
[WhiteTitle "GM"]
[BlackTitle "GM"]
[WhiteElo "2641"]
[BlackElo "2531"]
[WhiteFideId "633429"]
[BlackFideId "1039792"]
[EventDate "2019.09.25"]
[EventType "blitz"]

1. d4 Nf6 2. Nf3 d5 3. c4 e6 4. Nc3 dxc4 5. e3 a6 6. a4 c5 7. Bxc4 Nc6 8. O-O
Be7 9. Qe2 cxd4 10. Rd1 e5 11. exd4 exd4 12. Ne5 Nxe5 13. Qxe5 Qd6 14. Qxd6 Bxd6
15. Rxd4 Be5 16. Rd1 O-O 17. Re1 Re8 18. h3 Bf5 19. Be3 Rac8 20. Bf1 Rxc3 21.
bxc3 Bxc3 22. Rec1 Bxa1 23. Rxa1 Be4 24. Rc1 h6 25. Bd4 Rd8 26. Bxf6 gxf6 27. f3
Bd5 28. Rc7 Rd6 29. a5 Kg7 30. Kf2 b6 31. axb6 Rxb6 32. Ke3 Bc6 33. Bc4 Be8 34.
Ra7 Rb2 35. g4 Rc2 36. Bd3 Rc3 37. Kd4 Ra3 38. f4 Ra4+ 39. Ke3 Bb5 40. Bf5 Bc4
41. h4 a5 42. g5 hxg5 43. hxg5 fxg5 44. fxg5 Ra1 45. Kd4 Bb3 46. g6 a4 47. gxf7
Bxf7 48. Be6 Rf1 49. Bxf7 Rxf7 50. Ra8 Rf3 51. Kc4 a3 52. Kb4 Rf4+ 53. Kxa3 Kg6
54. Ra7 Kg5 55. Ra5+ Kf6 56. Ra4 Rf3+ 57. Kb4 Ke5 58. Kb5 Kd6 59. Ra5 Rb3+ 60.
Ka6 Kc6 61. Ka7 Kc7 62. Ra6 Rc3 63. Ka8 Rg3 64. Ra7+ Kb6 65. Rb7+ Kc6 66. Rb1
Ra3+ 67. Kb8 Rc3 68. Rh1 Rc5 69. Rh6+ Kb5 70. Rh7 Kc4 71. Rc7 Kb4 72. Rxc5 Kxc5 1/2-1/2

[Event "Chess24 Banter Blitz Cup"]
[Site "chess24.com INT"]
[Date "2019.10.15"]
[Round "1.14"]
[White "Van Foreest, Lucas"]
[Black "Edouard, Romain"]
[Result "0-1"]
[WhiteTitle "GM"]
[BlackTitle "GM"]
[WhiteElo "2531"]
[BlackElo "2641"]
[WhiteFideId "1039792"]
[BlackFideId "633429"]
[EventDate "2019.09.25"]
[EventType "blitz"]

1. e4 c5 2. Nf3 e6 3. d4 cxd4 4. Bg5 Qb6 5. Qxd4 Qxd4 6. Nxd4 a6 7. Nd2 Nc6 8.
Nxc6 bxc6 9. Nc4 f6 10. Be3 Rb8 11. O-O-O d5 12. Na5 Bd7 13. exd5 cxd5 14. Nb3
Ne7 15. Nc5 a5 16. Nxd7 Kxd7 17. c4 Ke8 18. Kb1 Kf7 19. Be2 g6 20. Rhe1 a4 21.
cxd5 Nxd5 22. Bc4 Rd8 23. Bc1 Bc5 24. Rd2 Bb4 25. Ree2 Bxd2 26. Bxd2 Rd6 27. b3
Rc8 28. g3 Nb6 29. Bb5 a3 30. f4 Rd5 31. Ba6 Rcd8 32. Kc2 Rc5+ 33. Bc3 Ra8 34.
Bb7 Ra7 35. Bf3 Rac7 36. Re3 Nd5 37. Bxd5 exd5 38. Kd2 d4 39. Bxd4 Rc1 40. Kd3
Rd1+ 0-1

[Event "Chess24 Banter Blitz Cup"]
[Site "chess24.com INT"]
[Date "2019.10.15"]
[Round "1.15"]
[White "Edouard, Romain"]
[Black "Van Foreest, Lucas"]
[Result "1-0"]
[WhiteTitle "GM"]
[BlackTitle "GM"]
[WhiteElo "2641"]
[BlackElo "2531"]
[WhiteFideId "633429"]
[BlackFideId "1039792"]
[EventDate "2019.09.25"]
[EventType "blitz"]

1. c4 g5 2. g3 Bg7 3. Nc3 h6 4. h4 g4 5. Bg2 d6 6. d3 e5 7. e4 Ne7 8. f3 h5 9.
Bg5 f6 10. Be3 O-O 11. fxg4 hxg4 12. Qd2 f5 13. Bg5 Nbc6 14. Nge2 Be6 15. exf5
Bxf5 16. O-O-O Qd7 17. Rdf1 Nb4 18. Be4 Bxe4 19. Nxe4 a5 20. Kb1 Nf5 21. h5 Kh7
22. h6 Bh8 23. Be3 c6 24. a3 Na6 25. d4 Rae8 26. d5 c5 27. Qd3 Nc7 28. N2c3 Bf6
29. Nxc5 dxc5 30. Qxf5+ Qxf5+ 31. Rxf5 e4 32. Bxc5 Rf7 33. Rhf1 Kg6 34. h7 e3
35. Bxe3 Rxe3 36. Rxf6+ Rxf6 37. Rxf6+ Kg7 38. Rf7+ 1-0

[Event "Chess24 Banter Blitz Cup"]
[Site "chess24.com INT"]
[Date "2019.10.18"]
[Round "1.1"]
[White "Dardha, Daniel"]
[Black "Navara, David"]
[Result "0-1"]
[WhiteTitle "FM"]
[BlackTitle "GM"]
[WhiteElo "2433"]
[BlackElo "2717"]
[WhiteFideId "240990"]
[BlackFideId "309095"]
[EventDate "2019.09.25"]
[EventType "blitz"]

1. Nf3 d5 2. c4 d4 3. e3 Nc6 4. exd4 Nxd4 5. Nxd4 Qxd4 6. d3 c6 7. Nc3 Nh6 8.
Be3 Qd8 9. d4 Nf5 10. Be2 g6 11. Bg4 Nxe3 12. fxe3 f5 13. Bf3 e5 14. O-O e4 15.
Be2 Bh6 16. Qd2 Qg5 17. Rf4 O-O 18. Raf1 Qe7 19. R4f2 f4 20. Qc2 Bf5 21. Rxf4
Bxf4 22. Rxf4 g5 23. Rf2 Bg6 24. Bg4 h5 25. Bd1 Rxf2 26. Qxf2 Rf8 27. Qg3 h4 28.
Qg4 Bf5 29. Qh5 Kg7 30. h3 Qf6 31. c5 Bxh3 32. Qe2 Bf5 33. d5 cxd5 34. Nxd5 Qe5
35. Nc3 h3 36. gxh3 Bxh3 0-1

[Event "Chess24 Banter Blitz Cup"]
[Site "chess24.com INT"]
[Date "2019.10.18"]
[Round "1.2"]
[White "Navara, David"]
[Black "Dardha, Daniel"]
[Result "0-1"]
[WhiteTitle "GM"]
[BlackTitle "FM"]
[WhiteElo "2717"]
[BlackElo "2433"]
[WhiteFideId "309095"]
[BlackFideId "240990"]
[EventDate "2019.09.25"]
[EventType "blitz"]

1. d4 Nf6 2. c4 e6 3. Nf3 b6 4. g3 Bb7 5. Bg2 g6 6. O-O Bg7 7. Re1 O-O 8. Qc2
Be4 9. Qb3 Bb7 10. Nc3 d6 11. e4 Nbd7 12. Bf4 Nh5 13. Bg5 Bf6 14. Be3 e5 15.
Rad1 exd4 16. Nxd4 Nc5 17. Qc2 Re8 18. Nd5 Bg7 19. Nb5 c6 20. Nxd6 Qxd6 21. Nxb6
Qe7 22. Nxa8 Bxa8 23. e5 Ne6 24. f4 c5 25. Bxa8 Rxa8 26. Rd5 Bf8 27. Red1 Qb7
28. Qb3 Qxb3 29. axb3 Rb8 30. R1d3 Nhg7 31. g4 h5 32. h3 hxg4 33. hxg4 a5 34.
Kg2 a4 35. bxa4 Rxb2+ 36. Rd2 Rb3 37. R5d3 Rb4 38. Ra2 Nc7 39. a5 Na6 40. Kf3
Rxc4 41. Rb3 Rb4 42. Rxb4 cxb4 43. Rc2 Ne6 44. Rc6 Nec7 45. Bb6 Nd5 46. Bd4 Nb8
47. Rc8 Na6 48. f5 gxf5 49. gxf5 b3 50. e6 fxe6 51. fxe6 Ne7 52. Ke4 Nxc8 0-1

[Event "Chess24 Banter Blitz Cup"]
[Site "chess24.com INT"]
[Date "2019.10.18"]
[Round "1.3"]
[White "Dardha, Daniel"]
[Black "Navara, David"]
[Result "0-1"]
[WhiteTitle "FM"]
[BlackTitle "GM"]
[WhiteElo "2433"]
[BlackElo "2717"]
[WhiteFideId "240990"]
[BlackFideId "309095"]
[EventDate "2019.09.25"]
[EventType "blitz"]

1. e4 c6 2. d4 d5 3. Nc3 dxe4 4. Nxe4 Bf5 5. Ng3 Bg6 6. Nh3 Nf6 7. Nf4 Nbd7 8.
h4 e5 9. dxe5 Nxe5 10. Qxd8+ Rxd8 11. Nxg6 hxg6 12. Be2 Bb4+ 13. c3 Bc5 14. Bf4
Neg4 15. Bxg4 Nxg4 16. Ne4 Bb6 17. f3 Ne3 18. Bxe3 Bxe3 19. Ke2 Bf4 20. g3 Bc7
21. Rad1 Rxd1 22. Rxd1 f5 23. Nc5 Bxg3 24. Nxb7 Rxh4 25. Rd8+ Ke7 26. Ra8 Rh2+
27. Kd3 Rxb2 28. Nc5 Rxa2 29. Rc8 Bd6 30. Rxc6 Bxc5 31. Rxc5 Kf6 32. f4 Ra6 33.
c4 g5 34. fxg5+ Kxg5 35. Rc7 g6 36. c5 Kf4 37. c6 g5 38. Kd4 g4 39. Rc8 g3 40.
Kd5 Ra2 41. Ra8 Rd2+ 42. Ke6 Rc2 43. Kd6 g2 44. Rg8 Kf3 45. c7 Kf2 0-1

[Event "Chess24 Banter Blitz Cup"]
[Site "chess24.com INT"]
[Date "2019.10.18"]
[Round "1.4"]
[White "Navara, David"]
[Black "Dardha, Daniel"]
[Result "1-0"]
[WhiteTitle "GM"]
[BlackTitle "FM"]
[WhiteElo "2717"]
[BlackElo "2433"]
[WhiteFideId "309095"]
[BlackFideId "240990"]
[EventDate "2019.09.25"]
[EventType "blitz"]

1. d4 Nf6 2. c4 e6 3. Nf3 Bb4+ 4. Nbd2 d5 5. a3 Be7 6. Qc2 O-O 7. e4 dxe4 8.
Nxe4 Nxe4 9. Qxe4 Nd7 10. Bd3 Nf6 11. Qh4 b6 12. Bg5 g6 13. O-O-O Bb7 14. Ne5
Re8 15. Kb1 Nh5 16. f4 Ng7 17. Nxf7 Kxf7 18. Qxh7 Rg8 19. Bxg6+ Kf8 20. Rhf1 Bf6
21. h4 Bxg2 22. Rf2 Bh3 23. Ka1 Bf5 24. d5 Qe7 25. h5 Bxg6 26. Qxg6 Ne8 27. Bh6+
Bg7 28. f5 Bxh6 29. fxe6+ Nf6 30. Rxf6+ 1-0

[Event "Chess24 Banter Blitz Cup"]
[Site "chess24.com INT"]
[Date "2019.10.18"]
[Round "1.5"]
[White "Dardha, Daniel"]
[Black "Navara, David"]
[Result "1-0"]
[WhiteTitle "FM"]
[BlackTitle "GM"]
[WhiteElo "2433"]
[BlackElo "2717"]
[WhiteFideId "240990"]
[BlackFideId "309095"]
[EventDate "2019.09.25"]
[EventType "blitz"]

1. Nf3 d5 2. g3 Nf6 3. Bg2 c5 4. O-O g6 5. b3 Bg7 6. Bb2 O-O 7. e3 Qc7 8. c4
dxc4 9. bxc4 Nc6 10. Nc3 Rd8 11. Qe2 Bf5 12. d4 cxd4 13. Nxd4 Bg4 14. f3 Nxd4
15. exd4 Bd7 16. Rac1 Rac8 17. Ne4 Qa5 18. Bc3 Qc7 19. Ba1 b6 20. Rfd1 Nxe4 21.
fxe4 e5 22. d5 h5 23. Rf1 Qc5+ 24. Kh1 b5 25. Qf3 Rf8 26. Bb2 Bg4 27. Qc3 Qxc4
28. Qa5 Qe2 29. Qb4 Rxc1 30. Rxc1 Bf3 31. Rg1 Rc8 32. Qb3 Bxg2+ 33. Rxg2 Qe1+
34. Rg1 Qxe4+ 35. Rg2 Rc5 36. h3 Rxd5 37. Kh2 h4 38. gxh4 Rd3 39. Qc2 Qf4+ 40.
Kg1 Rxh3 41. Qc8+ Kh7 42. Qxh3 Bh6 43. h5 g5 44. Qd3+ e4 45. Qd4 f6 46. Qxf6
Qe3+ 47. Kh2 Qf4+ 48. Qxf4 gxf4 49. Rc2 Bg5 50. Rc7+ Kh6 51. Kh3 Kxh5 52. Rc5 e3
53. Bf6 e2 54. Rxg5+ Kh6 55. Re5 1-0

[Event "Chess24 Banter Blitz Cup"]
[Site "chess24.com INT"]
[Date "2019.10.18"]
[Round "1.6"]
[White "Navara, David"]
[Black "Dardha, Daniel"]
[Result "1/2-1/2"]
[WhiteTitle "GM"]
[BlackTitle "FM"]
[WhiteElo "2717"]
[BlackElo "2433"]
[WhiteFideId "309095"]
[BlackFideId "240990"]
[EventDate "2019.09.25"]
[EventType "blitz"]

1. Nf3 Nf6 2. g3 b6 3. Bg2 Bb7 4. c4 e6 5. d4 g6 6. O-O Bg7 7. Qc2 O-O 8. Nc3 d5
9. cxd5 exd5 10. Rd1 Nbd7 11. Ne5 Re8 12. Bf4 Nh5 13. Nxd5 Nxf4 14. gxf4 Rc8 15.
Nf6+ Nxf6 16. Bxb7 Rb8 17. Nc6 Qd6 18. Nxb8 Rxb8 19. Bf3 Qxf4 20. Rac1 Ng4 21.
Qxc7 Be5 22. Qxe5 Nxe5 23. dxe5 Qxe5 24. Rc2 Qf6 25. Rd7 Rd8 26. Rxd8+ Qxd8 27.
e3 Kg7 28. Kg2 h5 29. h3 Qg5+ 30. Kh2 Qe5+ 31. Kg2 Kh6 32. b3 g5 33. Rc6+ f6 34.
Rc8 Kg6 35. Rg8+ Kf7 36. Ra8 g4 37. Rxa7+ Kg6 38. hxg4 hxg4 39. Bxg4 Qg5 40. Kh3
f5 41. Bf3 Qh6+ 42. Kg2 Qg5+ 43. Kf1 f4 44. Rb7 fxe3 45. Rxb6+ Kg7 46. Rb7+ Kf8
47. a4 Qf4 48. Ke2 exf2 49. Kxf2 Qd2+ 50. Kg3 Qg5+ 51. Kf2 Ke8 52. b4 Qd2+ 53.
Kg3 Qg5+ 54. Kf2 Qd2+ 55. Kg3 Kd8 56. a5 Qd6+ 57. Kf2 Qd4+ 58. Kg2 Qd2+ 59. Kg3
Qg5+ 60. Kf2 Qd2+ 61. Kg3 1/2-1/2

[Event "Chess24 Banter Blitz Cup"]
[Site "chess24.com INT"]
[Date "2019.10.18"]
[Round "1.7"]
[White "Dardha, Daniel"]
[Black "Navara, David"]
[Result "1-0"]
[WhiteTitle "FM"]
[BlackTitle "GM"]
[WhiteElo "2433"]
[BlackElo "2717"]
[WhiteFideId "240990"]
[BlackFideId "309095"]
[EventDate "2019.09.25"]
[EventType "blitz"]

1. Nf3 Nf6 2. d4 e6 3. c4 d5 4. g3 Be7 5. Bg2 O-O 6. O-O dxc4 7. Qc2 a6 8. Qxc4
b5 9. Qc2 Bb7 10. Bd2 Nbd7 11. Ba5 Be4 12. Qxc7 Qxc7 13. Bxc7 Rac8 14. Bf4 Rc2
15. Nc3 Rxb2 16. Nxe4 Nxe4 17. Ne5 Nxe5 18. Bxe5 Nc3 19. d5 Nxe2+ 20. Kh1 Rd2
21. dxe6 fxe6 22. Bh3 Kf7 23. Rfd1 Rfd8 24. Rxd2 Rxd2 25. Re1 Rxa2 26. Bg4 Ra4
27. Bxe2 Re4 28. Bh5+ 1-0

[Event "Chess24 Banter Blitz Cup"]
[Site "chess24.com INT"]
[Date "2019.10.18"]
[Round "1.8"]
[White "Navara, David"]
[Black "Dardha, Daniel"]
[Result "1-0"]
[WhiteTitle "GM"]
[BlackTitle "FM"]
[WhiteElo "2717"]
[BlackElo "2433"]
[WhiteFideId "309095"]
[BlackFideId "240990"]
[EventDate "2019.09.25"]
[EventType "blitz"]

1. d4 Nf6 2. c4 e6 3. Nc3 Bb4 4. e3 O-O 5. Bd3 c5 6. Nf3 cxd4 7. exd4 d5 8. cxd5
Nxd5 9. O-O Nxc3 10. bxc3 Bxc3 11. Bxh7+ Kxh7 12. Ng5+ Kg6 13. Qd3+ f5 14. Qxc3
Nc6 15. Qg3 Kf6 16. Nh7+ Kf7 17. Nxf8 Kxf8 18. Bg5 Qd5 19. Rfd1 b6 20. Qc7 Ba6
21. Rac1 Rc8 22. Qf4 Bb7 23. f3 Kg8 24. h4 Re8 25. h5 e5 26. dxe5 Qxe5 27. Re1
Qxf4 28. Rxe8+ Kf7 29. Bxf4 Kxe8 30. Re1+ Kf7 31. Rd1 Ke6 32. Rd6+ Ke7 33. Rg6
Kf7 34. a3 b5 35. Rd6 Ke7 36. Rd5 a6 37. Rxf5 Ke6 38. Rg5 Kf6 39. Rg6+ Kf7 40.
Kf2 a5 41. Bd2 b4 42. axb4 axb4 43. Bxb4 Nxb4 44. Rb6 Nd3+ 45. Ke3 Nc5 46. Rb5 1-0

[Event "Chess24 Banter Blitz Cup"]
[Site "chess24.com INT"]
[Date "2019.10.18"]
[Round "1.9"]
[White "Dardha, Daniel"]
[Black "Navara, David"]
[Result "0-1"]
[WhiteTitle "FM"]
[BlackTitle "GM"]
[WhiteElo "2433"]
[BlackElo "2717"]
[WhiteFideId "240990"]
[BlackFideId "309095"]
[EventDate "2019.09.25"]
[EventType "blitz"]

1. e4 c5 2. Nf3 d6 3. Bb5+ Nd7 4. O-O a6 5. Bd3 Ngf6 6. Re1 e6 7. c3 Be7 8. Bc2
O-O 9. d4 b5 10. Nbd2 Qc7 11. Nf1 Bb7 12. Ng3 Rfc8 13. Bd3 e5 14. d5 c4 15. Bc2
g6 16. h4 a5 17. h5 b4 18. hxg6 hxg6 19. Ng5 Kg7 20. f4 exf4 21. Bxf4 Rh8 22.
Qf3 Rh4 23. Rf1 Rah8 24. Ba4 Ne5 25. Bxe5 dxe5 26. Rf2 Rf4 27. Qe2 Bc5 28. Rf1
Ng4 29. Nh3 Nxf2 30. Nxf2 Qe7 31. Qxc4 Qh4 0-1

[Event "Chess24 Banter Blitz Cup"]
[Site "chess24.com INT"]
[Date "2019.10.18"]
[Round "1.10"]
[White "Navara, David"]
[Black "Dardha, Daniel"]
[Result "1-0"]
[WhiteTitle "GM"]
[BlackTitle "FM"]
[WhiteElo "2717"]
[BlackElo "2433"]
[WhiteFideId "309095"]
[BlackFideId "240990"]
[EventDate "2019.09.25"]
[EventType "blitz"]

1. Nf3 Nf6 2. c4 b6 3. g3 Bb7 4. Bg2 g6 5. O-O Bg7 6. Nc3 O-O 7. d4 Ne4 8. Nxe4
Bxe4 9. Nh4 Bxg2 10. Nxg2 e6 11. e4 Nc6 12. Be3 d6 13. Qd2 Qd7 14. Rad1 e5 15.
d5 Nd4 16. f4 f5 17. fxe5 dxe5 18. exf5 Rxf5 19. Bxd4 exd4 20. Rxf5 Qxf5 21. Rf1
Qe4 22. Re1 Qf3 23. Qf4 Qxf4 24. Nxf4 Bh6 25. Re4 Bxf4 26. Rxf4 Re8 27. Rf3 Re2
28. Rf2 Re1+ 29. Kg2 Rc1 30. b3 d3 31. Kf3 Rc2 32. Ke3 Rc3 33. Rd2 Kf7 34. Rxd3
Rc2 35. Rd2 Rc1 36. Rf2+ Ke7 37. Kf4 h6 38. Re2+ Kf7 39. Re6 Rf1+ 40. Kg4 Rf2
41. Rc6 Rxa2 42. Rxc7+ Kf6 43. h4 h5+ 44. Kf4 a5 45. Rc6+ Kf7 46. Rxb6 Rb2 47.
Kg5 a4 48. Rf6+ Ke7 49. bxa4 Rc2 50. Rxg6 Rxc4 51. Kxh5 Rxa4 52. g4 Ra5 53. g5
Rxd5 54. Kh6 Kf7 55. Rg7+ Kf8 56. g6 Rc5 57. Ra7 Rc8 58. Kh7 Rc7+ 59. Rxc7 Ke8
60. g7 1-0

[Event "Chess24 Banter Blitz Cup"]
[Site "chess24.com INT"]
[Date "2019.10.18"]
[Round "1.11"]
[White "Dardha, Daniel"]
[Black "Navara, David"]
[Result "0-1"]
[WhiteTitle "FM"]
[BlackTitle "GM"]
[WhiteElo "2433"]
[BlackElo "2717"]
[WhiteFideId "240990"]
[BlackFideId "309095"]
[EventDate "2019.09.25"]
[EventType "blitz"]

1. Nf3 Nf6 2. g3 e5 3. Nxe5 Nc6 4. Nf3 d5 5. d4 Bf5 6. c3 Bd6 7. Bg2 Qd7 8. Bg5
Ne4 9. Nbd2 Bh3 10. O-O f6 11. Be3 h5 12. Nxe4 dxe4 13. Nd2 Bxg2 14. Kxg2 h4 15.
Rh1 f5 16. Bg5 Rh5 17. gxh4 Be7 18. e3 g6 19. f4 Bxg5 20. hxg5 O-O-O 21. h4 Rdh8
22. Qe1 Qh7 23. Nc4 Ne7 24. Ne5 Nd5 25. c4 Nb4 26. Qxb4 Rxh4 27. Rxh4 Qxh4 28.
Qe1 Qh2+ 29. Kf1 Qxb2 30. Kg1 Qh2+ 31. Kf1 Qh1+ 32. Ke2 Rh2+ 33. Kd1 Qg2 34. Rc1
Qxa2 35. Qb4 Qe2# 0-1

[Event "Chess24 Banter Blitz Cup"]
[Site "chess24.com INT"]
[Date "2019.10.18"]
[Round "1.12"]
[White "Navara, David"]
[Black "Dardha, Daniel"]
[Result "1-0"]
[WhiteTitle "GM"]
[BlackTitle "FM"]
[WhiteElo "2717"]
[BlackElo "2433"]
[WhiteFideId "309095"]
[BlackFideId "240990"]
[EventDate "2019.09.25"]
[EventType "blitz"]

1. d4 Nf6 2. c4 e6 3. Nc3 Bb4 4. e3 O-O 5. Bd3 c5 6. Nf3 cxd4 7. exd4 d5 8. cxd5
Nxd5 9. O-O Be7 10. Re1 Nc6 11. a3 Nxc3 12. bxc3 b6 13. h4 Bb7 14. Ng5 g6 15.
Qg4 e5 16. h5 exd4 17. Nxh7 Bc8 18. Qf3 Kxh7 19. hxg6+ fxg6 20. Qh5+ 1-0

[Event "Chess24 Banter Blitz Cup"]
[Site "chess24.com INT"]
[Date "2019.10.18"]
[Round "1.1"]
[White "Cordova, Emilio"]
[Black "Bartel, Mateusz"]
[Result "0-1"]
[WhiteTitle "GM"]
[BlackTitle "GM"]
[WhiteElo "2571"]
[BlackElo "2635"]
[WhiteFideId "3801497"]
[BlackFideId "1112635"]
[EventDate "2019.09.25"]
[EventType "blitz"]

1. d4 Nf6 2. Nf3 e6 3. g3 b5 4. Bg2 Bb7 5. O-O c5 6. c3 d5 7. a4 b4 8. Nbd2 Nbd7
9. dxc5 Bxc5 10. Nb3 Be7 11. Nfd4 O-O 12. cxb4 Bxb4 13. Bd2 Qe7 14. Rc1 Rac8 15.
e3 Ne5 16. Nb5 a6 17. N5d4 Nc4 18. Bc3 Rc7 19. Qe1 Bxc3 20. bxc3 Rfc8 21. Ra1
Ne5 22. Ne2 Ne4 23. Na5 Nxc3 24. Nxc3 Rxc3 25. Qb1 Ba8 26. Qb6 h5 27. Qxa6 h4
28. Rab1 Qa3 29. Nb7 Bxb7 30. Qxb7 Qxa4 31. Rb4 Qc6 32. Qxc6 R8xc6 33. Rxh4 g6
34. Rd4 Kg7 35. Rdd1 Nd3 36. h3 f5 37. Rd2 Kf6 38. Rfd1 Ne5 39. Kf1 Nc4 40. Re2
Rb6 41. Rde1 Ke5 42. Kg1 g5 43. g4 Rcb3 44. gxf5 exf5 45. Rd1 Rb1 46. Ree1 Rxd1
47. Rxd1 Rb5 48. f4+ gxf4 49. exf4+ Kxf4 50. Rxd5 Rb1+ 51. Kh2 Ne3 52. Rd4+ Ke5
53. Rd3 f4 54. Bf3 Rb2+ 55. Kg1 Kf5 56. Rd8 Kg5 57. Rg8+ Kh4 58. Be4 Rb4 59.
Rh8+ Kg3 60. Rg8+ Kxh3 61. Bf3 Rb1+ 62. Kf2 Rb2+ 63. Kg1 Rb1+ 64. Kf2 Rb2+ 65.
Kg1 Kh4 66. Be4 Ra2 67. Rf8 Ra1+ 68. Kf2 Rf1+ 69. Ke2 Kg3 70. Rg8+ Ng4 71. Rh8
Rf2+ 72. Ke1 Rh2 0-1

[Event "Chess24 Banter Blitz Cup"]
[Site "chess24.com INT"]
[Date "2019.10.18"]
[Round "1.2"]
[White "Bartel, Mateusz"]
[Black "Cordova, Emilio"]
[Result "0-1"]
[WhiteTitle "GM"]
[BlackTitle "GM"]
[WhiteElo "2635"]
[BlackElo "2571"]
[WhiteFideId "1112635"]
[BlackFideId "3801497"]
[EventDate "2019.09.25"]
[EventType "blitz"]

1. d4 Nf6 2. Nf3 e6 3. e3 c5 4. Bd3 b6 5. O-O Bb7 6. c4 cxd4 7. exd4 Be7 8. Nc3
h6 9. Re1 O-O 10. Bf4 Re8 11. h3 Bf8 12. a3 d6 13. b4 Nbd7 14. Bg3 a6 15. Rc1
Rc8 16. Nd2 Rc7 17. Nb3 Qa8 18. Bf1 Rcc8 19. a4 a5 20. b5 d5 21. cxd5 Nxd5 22.
Nxd5 Bxd5 23. Re3 Rxc1 24. Qxc1 Bb4 25. Qc7 Qc8 26. Qf4 Nf6 27. Bh4 Qb8 28. Re5
Nd7 29. Nc1 Nxe5 30. dxe5 Be7 31. Bg3 Rc8 32. Qe3 Bg5 33. Bf4 Bxf4 34. Qxf4 Qc7
35. Ne2 Qc4 36. Nd4 Qc1 0-1

[Event "Chess24 Banter Blitz Cup"]
[Site "chess24.com INT"]
[Date "2019.10.18"]
[Round "1.3"]
[White "Cordova, Emilio"]
[Black "Bartel, Mateusz"]
[Result "0-1"]
[WhiteTitle "GM"]
[BlackTitle "GM"]
[WhiteElo "2571"]
[BlackElo "2635"]
[WhiteFideId "3801497"]
[BlackFideId "1112635"]
[EventDate "2019.09.25"]
[EventType "blitz"]

1. d4 Nf6 2. Nf3 e6 3. g3 b5 4. Bg5 Bb7 5. Nbd2 d5 6. e3 a6 7. a4 c6 8. Bg2 Nbd7
9. O-O h6 10. Bxf6 Nxf6 11. Nb3 Bd6 12. Qe1 Qe7 13. Na5 Bb4 14. Qxb4 Qxb4 15.
Nxb7 Qe7 16. Nc5 O-O 17. Ne5 Rfc8 18. axb5 axb5 19. Nxc6 Qc7 20. Ne5 Ne8 21. b4
Nd6 22. Rfb1 Qd8 23. Bf1 Rxa1 24. Rxa1 Ra8 25. Nc6 Qe8 26. Na5 Nc4 27. Bxc4 dxc4
28. c3 e5 29. d5 e4 30. Rd1 Qe5 31. d6 Qxc3 32. d7 Qxb4 33. Nab7 c3 34. d8=Q+
Rxd8 35. Rxd8+ Kh7 36. Nd7 c2 37. Rc8 Qb1+ 38. Kg2 h5 39. Nf8+ Kh6 40. Nd6 g6
41. Nxf7+ Kg7 42. Ng5 c1=Q 43. Nfe6+ Kf6 44. Rf8+ Ke7 45. Rf7+ Kd6 46. Kh3 Qd1
47. f3 exf3 48. Nxf3 Qf5+ 0-1